Bio-inšpirované optimalizačné metódy

Saved in:
Bibliographic Details
Main Author: Trgala, Jakub (Author)
Other Authors: Sekaj, Ivan (Thesis advisor)
Format: Manuscript Book
Language:Slovak
Published: 2018
Subjects:
Online Access:http://is.stuba.sk/zp/portal_zp.pl?podrobnosti=126217
Tags: Add Tag
No Tags, Be the first to tag this record!

MARC

LEADER 00000ntm a22000003a 4500
001 stuzp66591
003 SK-STU
005 20181107114840.9
007 ta
008 150427s2015----xo-----f-mn---000-0-slo-d
040 |a STU  |b slo 
041 0 |a slo 
044 |a xo 
100 1 |a Trgala, Jakub  |u 031000  |4 aut  |U FEI Fakulta elektrotechniky a informatiky  |T FEI Ústav robotiky a kybernetiky  |X 72950  |U E011  |Y 356  |7 72950 
242 0 1 |a Bio-inspired Optimisation Methods  |y eng 
245 1 0 |a Bio-inšpirované optimalizačné metódy 
260 |c 2018 
300 |a 44 s.,  |b CD-ROM 
650 4 |a evolution  |2 eng 
650 4 |a paralelism  |2 eng 
650 4 |a Optimization metods  |2 eng 
650 4 |a Evolúcia  |2 slo 
650 4 |a Paralelizácia  |2 slo 
650 4 |a Optimalizačné metódy  |2 slo 
700 1 |a Sekaj, Ivan  |u 031000  |k Z1  |4 ths  |U FEI Fakulta elektrotechniky a informatiky  |T FEI Ústav robotiky a kybernetiky  |X 4946  |U E011  |Y 356  |7 A000004946 
856 4 |u http://is.stuba.sk/zp/portal_zp.pl?podrobnosti=126217 
996 |b 284ER02674  |c E*Bc- 2674  |l EE31  |s P  |a 0  |w stuzp66591_0001